000 00291nam a2200121Ia 4500
008 190216s9999||||xx |||||||||||||| ||und||
100 _aGhosh B N
245 0 _aEconomic Development And Planning
260 _bNational Publications
_c1977
300 _a409p
650 _aCommerce
942 _cBK
999 _c4305
_d4305